Premier League Appearances by Nationality: France - Statistics

General Stats
  • This quiz has been taken 42 times
  • The average score is 4 of 10
Answer Stats
Appearances Player % Correct
361 Hugo Lloris
74%
364 Nicolas Anelka
64%
307 Patrick Vieira
59%
325 Gael Clichy
49%
321 William Gallas
36%
469 Sylvain Distin
31%
289 Louis Saha
23%
295 Moussa Sissoko
18%
336 Steed Malbranque
10%
281 Charles N'Zogbia
0%
No matching quizzes found
Score Distribution
Percent of People with Each Score
Percentile by Number Answered
Your Score History
You have not taken this quiz